| 000 | 00639nam a2200217 a 4500 | ||
|---|---|---|---|
| 005 | 20140310183145.0 | ||
| 008 | 020822s19uu xx 00 eng d | ||
| 020 | _a0395888166 | ||
| 050 |
_aLB 1576 _b.C714 2001 |
||
| 100 | _aCooper, J. David | ||
| 245 |
_aLiteracy assessment : _bhelping teachers plan instruction / _cJ. David Cooper. |
||
| 260 |
_aNew York : _bHoughton Muffin Co, _c2001. |
||
| 300 |
_a597 p. : _bill. ; _c24 cm. |
||
| 521 | _aEDU | ||
| 650 |
_aLanguage arts _xability testing |
||
| 650 | _aLiteracy | ||
| 650 |
_aReading _xability testing |
||
| 650 | _aLesson planning | ||
| 942 |
_cBK _2lcc _kFOR |
||
| 999 |
_c19513 _d19513 |
||